[Event "7th Srebrno Jezero Open 2013"]
[Site "Srebrno jezero SRB"]
[Date "2013.06.19"]
[Round "8.7"]
[White "Sorgic,D"]
[Black "Nestorovic,De"]
[Result "1-0"]
[WhiteElo "2249"]
[BlackElo "2428"]

1.e4 c5 2.Nf3 e6 3.d4 cxd4 4.Nxd4 a6 5.Bd3 Bc5 6.Nb3 Be7 7.Qg4 Bf6 8.O-O Nc6
9.f4 d6 10.N1d2 Qc7 11.Qg3 h5 12.a4 Nb4 13.c3 h4 14.Qe3 Nxd3 15.Qxd3 Ne7
16.Nd4 e5 17.N4f3 exf4 18.Nc4 d5 19.exd5 Qc5+ 20.Nd4 Bf5 21.Nd6+ Qxd6 22.Nxf5 Qc5+
23.Rf2 Rd8 24.Nxe7 Bxe7 25.c4 g5 26.b4 Qd6 27.Bb2 O-O 28.Qc3 f6 29.Qd3 Kg7
30.Qf3 Kh6 31.Re2 Qxb4 32.Rae1 Bc5+ 33.Kh1 Rd6 34.Re7 Rf7 35.Re8 Rd8 36.Bxf6  1-0

[Event "17th Petr Izmailov"]
[Site "Tomsk RUS"]
[Date "2013.06.19"]
[Round "9.30"]
[White "Ainutdinova,Y"]
[Black "Sinkin,B"]
[Result "1-0"]
[WhiteElo "2066"]
[BlackElo "1898"]

1.e4 c5 2.Nf3 e6 3.d4 cxd4 4.Nxd4 a6 5.Bd3 Qc7 6.O-O Nf6 7.Qe2 Nc6 8.Nxc6 dxc6
9.e5 Nd5 10.c4 Ne7 11.Nc3 Ng6 12.f4 Bd7 13.Ne4 Rd8 14.c5 Nxe5 15.fxe5 Qxe5
16.Bf4 Bxc5+ 17.Kh1 Qd4 18.Rad1 Bc8 19.Bc4 Qxd1 20.Rxd1 Rxd1+  1-0

[Event "III Marcel Duchamp Boca Jun Op"]
[Site "Buenos Aires ARG"]
[Date "2013.06.20"]
[Round "1.10"]
[White "Paolini,Claudio"]
[Black "Pichot,A"]
[Result "0-1"]
[WhiteElo "1909"]
[BlackElo "2400"]

1.e4 c5 2.Nf3 e6 3.d4 cxd4 4.Nxd4 a6 5.Bd3 Qc7 6.O-O Nf6 7.c4 Bc5 8.Nf3 Nc6
9.Nc3 Ng4 10.g3 h5 11.Bf4 Nce5 12.Na4 Be7 13.Nxe5 Nxe5 14.c5 g5 15.Be3 h4
16.Rc1 g4 17.Bf4 Bg5 18.Qxg4 Rg8 19.Bxe5 Qxe5 20.Nb6 Kf8 21.Qf3 Bxc1 22.Nxa8 Bxb2
23.Nb6 Qxc5 24.Nxc8 Qxc8 25.Rb1 hxg3 26.hxg3 d6 27.Kg2 Be5 28.Rb4 b5 29.a4 Qc3
30.Rb1 Qd2 31.Be2 b4 32.Qd3 Qxd3 33.Bxd3 a5 34.Rc1 Bc3 35.Bc4 Ke7 36.Kf3 Rd8
37.Rc2 d5 38.exd5 exd5 39.Re2+ Kf6 40.Bb3 d4 41.Re4 d3 42.Rf4+ Kg5 43.Rg4+ Kh6
44.Rh4+ Kg7 45.Rg4+ Kf8 46.Re4 d2 47.Ke2 d1=Q+ 48.Bxd1 Rd2+  0-1

[Event "7th Varna Open 2013"]
[Site "Varna BUL"]
[Date "2013.06.20"]
[Round "2.11"]
[White "Ashwin,J"]
[Black "Kostadinov,T"]
[Result "1-0"]
[WhiteElo "2472"]
[BlackElo "2174"]

1.e4 c5 2.Nf3 e6 3.d4 cxd4 4.Nxd4 a6 5.Bd3 Nf6 6.O-O d6 7.c4 Be7 8.Nc3 O-O
9.Qe2 Qc7 10.Kh1 Nbd7 11.f4 b6 12.Bd2 Bb7 13.Rac1 g6 14.Bb1 Rac8 15.b3 Qc5
16.Nf3 Qh5 17.e5 Ng4 18.Be4 Bxe4 19.Nxe4 dxe5 20.fxe5 g5 21.Bxg5 Bxg5 22.Nexg5 Nxh2
23.Nxh2 Qxg5 24.Ng4 Kh8 25.Rcd1 Rc7 26.Kg1 h5 27.Nf6 Nxe5 28.Qe4 Ng6 29.Nd7 f5
30.Qxe6 Nh4 31.Qe5+ Kh7 32.Nxf8+ Kg8 33.Qd5+ Kxf8 34.Qd8+ Qxd8 35.Rxd8+ Kg7
36.Rd4 Ng6 37.Rxf5 Re7 38.Rd6  1-0

[Event "HSG Open A 2013"]
[Site "Hilversum NED"]
[Date "2013.06.22"]
[Round "2.4"]
[White "Hachijan,A"]
[Black "Miezis,N"]
[Result "0-1"]
[WhiteElo "2217"]
[BlackElo "2548"]

1.e4 c5 2.Nf3 e6 3.d4 cxd4 4.Nxd4 a6 5.Bd3 Nc6 6.Nxc6 dxc6 7.Nd2 Qc7 8.O-O Nf6
9.Qf3 Bd6 10.Kh1 b5 11.Qh3 e5 12.Qh4 h6 13.Nb3 Be6 14.Be2 Ke7 15.f3 Rhb8
16.Qe1 c5 17.c4 bxc4 18.Nd2 c3 19.bxc3 c4 20.f4 exf4 21.Bxc4 Kf8 22.e5 Bxe5
23.Ba3+ Bd6 24.Bxd6+ Qxd6 25.Bxe6 Qxe6 26.Qxe6 fxe6 27.Rxf4 Rb2 28.Nb3 Rc8
29.Rf3 e5 30.Re3 e4 31.Nd4 Rc4 32.Re2 Rb8 33.Rc2 Kg8 34.Kg1 a5 35.Nf5 Nd5
36.Nd6 Rxc3 37.Re2 e3 38.g3 Rb6 39.Ne4 Rd3 40.Kg2 Rd4 41.Kf3 Re6 42.Nc5 Rf6+
43.Kg2 Rd2 44.Re1 Nc3  0-1

[Event "Malaysian Masters Women 2013"]
[Site "Kuala Lumpur MAS"]
[Date "2013.06.22"]
[Round "1.4"]
[White "Fong Mi Yen"]
[Black "Azman Hisham,Nur Najiha"]
[Result "1-0"]
[WhiteElo "1890"]
[BlackElo "1935"]

1.e4 c5 2.Nf3 e6 3.d4 cxd4 4.Nxd4 a6 5.Bd3 Nf6 6.Nc3 Qc7 7.O-O Be7 8.a4 b6
9.Be3 Bb7 10.f4 d5 11.exd5 Nxd5 12.Nxd5 Bxd5 13.c4 Bb7 14.Qg4 Bf6 15.Rae1 Qd6
16.f5 h5 17.Qh3 Bxd4 18.fxe6 f6 19.Bg6+ Ke7 20.Kh1 Nc6 21.Rd1 Rad8 22.Bf4 Ne5
23.Bf5 h4 24.Rfe1 Qb4 25.Bxe5 Bxe5 26.Qg4 g5 27.Rxe5 Qxb2 28.Ree1 Qf2 29.Be4 Rd4
30.Rf1 Rxe4 31.Rd7+ Ke8 32.Qd1 Qxf1+ 33.Qxf1 Bc6 34.Rc7 Rxe6 35.Rc8+ Kf7
36.Rxh8 Kg7 37.Rc8 Bxa4 38.h3 Bc2 39.Qf3 Kg6 40.Qb7 Re1+ 41.Kh2 Be4 42.Rg8+ Kf5
43.Qd7+ Kf4 44.Qg4+ Ke3 45.Re8 Kd3 46.Qd7+ Kc3 47.Qd6 Re2 48.Qxf6+ Kxc4 49.Qf1 Kd3
50.Rxe4  1-0

[Event "8th Teplice Open 2013"]
[Site "Teplice CZE"]
[Date "2013.06.23"]
[Round "9.14"]
[White "Kasparov,S"]
[Black "Schou Moldt,T"]
[Result "1-0"]
[WhiteElo "2482"]
[BlackElo "2212"]

1.e4 c5 2.Nf3 e6 3.d4 cxd4 4.Nxd4 a6 5.Bd3 Qc7 6.O-O Nf6 7.Qe2 d6 8.c4 Nc6
9.Nf3 b6 10.Nc3 Bb7 11.Bf4 Nd7 12.Rac1 Nce5 13.Nxe5 dxe5 14.Be3 Bc5 15.a3 O-O
16.Rfd1 Rfd8 17.b4 Bd4 18.f3 Rac8 19.Qf2 Nb8 20.Bf1 Nc6 21.Nd5 exd5 22.cxd5 Bxe3
23.Qxe3 Qb8 24.dxc6 Rxd1 25.Rxd1 Rxc6 26.Qd2 Rc8 27.Qd6 Qxd6 28.Rxd6 b5 29.a4 Bc6
30.Rd2 Rb8 31.Rc2 Be8 32.a5 Rd8 33.Rc7 Kf8 34.Ra7 Rd6 35.Kf2 Bd7 36.g3 Ke8
37.Ke3 Bc8 38.Ra8 Kd8 39.Bh3 Rc6 40.Bxc8 Rxc8 41.Rxa6 Rc4 42.Ra7 Rxb4 43.Rxf7 Ra4
44.Rxg7 Rxa5 45.Rxh7 Ra3+ 46.Ke2 Ra2+ 47.Kd1 Kc8 48.Re7 Rxh2 49.Rxe5 b4 50.Rb5 Rb2
51.f4 Kd7 52.Kc1 Rb3 53.Kc2 Rc3+ 54.Kd2 Rb3 55.Rd5+ Kc6 56.Rd3 Rb2+ 57.Ke3 Kc5
58.f5 Rb1 59.f6 Kc4 60.Rd8 Rf1 61.Rc8+ Kb5 62.e5 b3 63.Kd4  1-0

[Event "Malaysian Masters Women 2013"]
[Site "Kuala Lumpur MAS"]
[Date "2013.06.24"]
[Round "5.2"]
[White "Fong Mi Yen"]
[Black "Nithyalakshmi,Sivanesan"]
[Result "0-1"]
[WhiteElo "1890"]
[BlackElo "1684"]

1.e4 c5 2.Nf3 e6 3.d4 cxd4 4.Nxd4 a6 5.Bd3 Nf6 6.Nc3 Qc7 7.O-O Nc6 8.Be3 Bd6
9.h3 b5 10.Nxc6 Qxc6 11.a4 b4 12.Ne2 Bb7 13.Nd4 Qc7 14.Qf3 O-O 15.Rfc1 Bh2+
16.Kh1 d5 17.e5 Bxe5 18.c3 Qd6 19.Nb3 d4 20.Qxb7 dxe3 21.Rd1 Qb8 22.Bxa6 bxc3
23.bxc3 exf2 24.Rdc1 Nh5 25.g4 Ng3+ 26.Kg2 Rxa6 27.Qxb8 Rxb8 28.Nd2 Rb2 29.Nf1 Ne2
30.Rd1 Kf8 31.c4 Nf4+ 32.Kg3 Rb3+ 33.Kxf2 Bxa1  0-1

[Event "Malaysian Masters Women 2013"]
[Site "Kuala Lumpur MAS"]
[Date "2013.06.25"]
[Round "6.3"]
[White "Nithyalakshmi,Sivanesan"]
[Black "Azman Hisham,Nur Najiha"]
[Result "0-1"]
[WhiteElo "1684"]
[BlackElo "1935"]

1.e4 c5 2.Nf3 e6 3.d4 cxd4 4.Nxd4 a6 5.Bd3 Nf6 6.O-O Qc7 7.Qe2 d6 8.c4 Nc6
9.Nc2 Ne5 10.h3 b6 11.Nc3 Bb7 12.Bd2 Be7 13.Rae1 Rc8 14.b3 Nfd7 15.f4 Nxd3
16.Qxd3 Bf6 17.Nd4 O-O 18.Kh1 Rfd8 19.f5 Bxd4 20.Qxd4 Qc5 21.Be3 Qxd4 22.Bxd4 e5
23.Bg1 b5 24.Nd5 Bxd5 25.cxd5 Rc2 26.Rf2 Rdc8 27.Ree2 Rc1 28.Kh2 h5 29.Rb2 Nc5
30.Rfc2 Nxe4 31.Rxc8+ Rxc8 32.Re2 Nc3 33.Rc2 b4 34.Bb6 Re8 35.Bc7 Nb5 36.Ba5 Nd4
37.Rf2 e4 38.Bxb4 e3 39.Rf4 Nc2 40.Bc3 Rc8 41.Ba5 Rc5 42.Bb6 e2 43.Re4 e1=Q
44.Rxe1 Nxe1 45.Bxc5 dxc5 46.Kg3 Kf8 47.d6 Ke8 48.Kf2 Nc2 49.Ke2 Kd7  0-1

[Event "8th Vladimir Dvorkovich Cup"]
[Site "Moscow RUS"]
[Date "2013.06.25"]
[Round "1.4"]
[White "Rodionova,Polina"]
[Black "Choladze,M"]
[Result "1-0"]
[WhiteElo "2146"]
[BlackElo "1932"]

1.e4 c5 2.Nf3 e6 3.d4 cxd4 4.Nxd4 a6 5.Bd3 Qc7 6.O-O Nf6 7.Qe2 d6 8.c4 Be7
9.Nc3 b6 10.f4 Nbd7 11.Nf3 Bb7 12.Bd2 O-O 13.Rae1 Rac8 14.b3 g6 15.Kh1 Rfe8
16.e5 Ng4 17.Ng5 Bxg5 18.Qxg4 Bh6 19.Qh4 Bg7 20.Be4 f5 21.exd6 Qb8 22.Bxb7 Qxb7
23.Rf3 Bf6 24.Qf2 Rc6 25.Nd5 Rxd6 26.Bb4 Rc6 27.Nxf6+ Nxf6 28.Qd4 Ne4 29.Ba3 e5
30.Qd5+ Kg7 31.Bb2 Qc8 32.Bxe5+ Nf6 33.Rfe3 Rd8 34.Bxf6+ Rxf6 35.Re7+ Kh8
36.Qe5 Qc6 37.Rf7 Rd6 38.Qe8+  1-0

[Event "III Marcel Duchamp Boca Jun Op"]
[Site "Buenos Aires ARG"]
[Date "2013.06.26"]
[Round "6.31"]
[White "Gomez Camacho,Micaela"]
[Black "Arguinariz,E"]
[Result "1/2-1/2"]
[WhiteElo "1777"]
[BlackElo "2085"]

1.e4 c5 2.Nf3 e6 3.d4 cxd4 4.Nxd4 a6 5.Bd3 Nc6 6.Nxc6 bxc6 7.Nc3 d5 8.O-O Nf6
9.Qe2 Be7 10.b3 O-O 11.Bb2 d4 12.Na4 e5 13.h3 c5 14.Bc1 Bb7 15.Nb2 Qc7 16.Nc4 Ne8
17.Qg4 Bd6 18.Qh4 f6 19.Bd2 a5 20.Nb2 Be7 21.Qg4 Nd6 22.Nc4 Bc8 23.Qg3 Be6
24.Bh6 Rf7 25.f4 Bxc4 26.bxc4 Ne8 27.fxe5 fxe5 28.Rxf7 Kxf7 29.Rf1+ Bf6 30.Bg5 Qe7  1/2-1/2

[Event "9th Prague Festival Open A"]
[Site "Prague CZE"]
[Date "2013.06.26"]
[Round "5.21"]
[White "Fiser,J2"]
[Black "Kucera,T1"]
[Result "1-0"]
[WhiteElo "1962"]
[BlackElo "2043"]

1.e4 c5 2.Nf3 e6 3.d4 cxd4 4.Nxd4 a6 5.Bd3 b5 6.O-O Bb7 7.Qe2 Qc7 8.Be3 Nf6
9.Nd2 d5 10.Bg5 Bd6 11.Bxb5+ axb5 12.Nxb5 Bxh2+ 13.Kh1 Qc5 14.Kxh2 Ra4 15.b3 Rb4
16.Bxf6 Rxb5 17.Bd4 Qc6 18.e5 Ba6 19.c4 Rb7 20.Rac1 O-O 21.Qh5 f6 22.exf6 gxf6
23.f4 Rg7 24.Rfe1 dxc4 25.Nf3 Nd7 26.Qh3 Re8 27.bxc4 Bb7 28.Rc2 Qd6 29.Be3 Qd3
30.Rd2 Qxc4 31.Red1 Bd5 32.Bd4 Qc6 33.Be3 Ra8 34.Nd4 Qd6 35.Nf5 exf5 36.Rxd5 Qc6
37.R1d2 Ra3 38.Qxf5 Rxe3 39.Rxd7 Re8 40.Rxg7+ Kxg7 41.Rd7+  1-0

[Event "FISCA Open D 2013"]
[Site "Cap Aurora ROU"]
[Date "2013.06.27"]
[Round "6.1"]
[White "Vasiesiu,D"]
[Black "Carmaciu,L"]
[Result "1/2-1/2"]
[WhiteElo "2422"]
[BlackElo "2416"]

1.e4 c5 2.Nf3 e6 3.d4 cxd4 4.Nxd4 a6 5.Bd3 Nf6 6.O-O e5 7.Bg5 h6 8.Bxf6 Qxf6
9.Nf5 g6 10.Ne3 Bc5 11.Nc3 d6 12.Ncd5 Qd8 13.b4 Ba7 14.Qd2 Be6 15.Kh1 Nc6
16.a4 O-O 17.b5 Ne7 18.bxa6 bxa6 19.f4 Bxd5 20.Nxd5 Nxd5 21.exd5 exf4 22.Qxf4 Qg5
23.Qxd6 Bb8 24.Qb4 a5 25.Qe4 Qh5 26.h3 Qg5 27.Rf3 Bd6 28.h4 Qh5 29.Rh3 Rae8
30.g4 Qe5 31.Qxe5 Rxe5 32.c4 Rb8 33.Rf1 Rb4 34.Rhf3 Re7 35.h5 gxh5 36.gxh5 Rxa4
37.Rf6 Be5 38.Rc6 Re8 39.d6 Rd8 40.c5 Rd4 41.Bf5 Bxd6 42.cxd6 R8xd6 43.Rxd6 Rxd6
44.Kg2 Rd5 45.Bg4 Kg7 46.Kg3 a4 47.Rf3 Rb5 48.Kh4 Rb3 49.Rf4 a3 50.Ra4 Rc3
51.Ra6 Re3 52.Bf5 Rc3 53.Kg4 Re3 54.Kf4 Rc3 55.Be4 Rc5 56.Bf3 Rc3 57.Ra7 Rd3
58.Be4 Rd8 59.Rxa3 Rd7 60.Kf5 Re7 61.Rg3+ Kf8 62.Bd5 Re1 63.Be4 Rf1+ 64.Ke5 Rf2
65.Bf5 Re2+ 66.Be4 Rf2 67.Ra3 Kg7 68.Rg3+ Kf8 69.Rg1 Rh2 70.Bf3 Rf2 71.Rg3 Rf1
72.Bd5 Rf2 73.Be4 Rh2 74.Kf6 Rf2+ 75.Bf5 Ra2 76.Rc3 Ra6+ 77.Ke5 Ra5+ 78.Kf4 Kg7
79.Rc7 Kf6 80.Rc6+ Kg7 81.Rd6 Rb5 82.Ra6 Rc5 83.Bg4 Rb5 84.Bf3 Rc5 85.Rd6 Ra5
86.Rd7 Ra6 87.Bd5 Rf6+ 88.Ke5 Rf2 89.Ra7 Rf6 90.Rb7 Rf2 91.Rc7 Rf6 92.Rd7 Rf2
93.Kd6 Kf8 94.Kc7 Rf1 95.Kd8 Rf5 96.Bc4 Rf4 97.Bd5 Rf5 98.Kc7 Rf6 99.Rd8+ Kg7
100.Rd7 Kf8  1/2-1/2

[Event "Mukachevo Summer"]
[Site "Mukachevo UKR"]
[Date "2013.06.27"]
[Round "5.2"]
[White "Klymchuk,Andriy"]
[Black "Mihalichenko,B"]
[Result "1-0"]
[WhiteElo "2328"]
[BlackElo "2393"]

1.e4 c5 2.Nf3 e6 3.d4 cxd4 4.Nxd4 a6 5.Bd3 Bc5 6.Nb3 Ba7 7.O-O Nc6 8.c4 d6
9.Qe2 Nge7 10.Be3 e5 11.Bxa7 Rxa7 12.Nc3 O-O 13.Rfd1 Be6 14.Rd2 Qb8 15.Nd5 Ng6
16.Qe3 a5 17.a4 Rc8 18.Nb6 Rd8 19.Bf1 Nge7 20.Rad1 Nb4 21.Qc5 Nec6 22.Rxd6 Rxd6
23.Qxd6 Qxd6 24.Rxd6 Kf8 25.Nc5 Nd4 26.f4 Ke7 27.fxe5 Ndc6 28.Nxe6  1-0

[Event "Visma IMA 2013"]
[Site "Vaxjo SWE"]
[Date "2013.06.27"]
[Round "2.3"]
[White "Malmstig,E"]
[Black "Bellon Lopez,JuM"]
[Result "0-1"]
[WhiteElo "2322"]
[BlackElo "2369"]

1.e4 c5 2.Nf3 e6 3.d4 cxd4 4.Nxd4 a6 5.Bd3 g6 6.O-O Bg7 7.Nf3 Qc7 8.c4 d6
9.Qe2 Nd7 10.Nc3 Ngf6 11.h3 O-O 12.Bg5 h6 13.Bd2 b6 14.Rac1 Bb7 15.b4 Rac8
16.Rfd1 Rfd8 17.Bf4 Nh5 18.Bh2 Bxc3 19.Rxc3 e5 20.c5 bxc5 21.Bxa6 Nhf6 22.Bd3 Qb6
23.b5 c4 24.Rxc4 Rxc4 25.Bxc4 Nxe4 26.Qe3 Qxe3 27.fxe3 Rc8 28.Bf1 Ndc5 29.Nxe5 dxe5
30.Bxe5 Kf8 31.b6 Ke7 32.Bb5 Rd8 33.Bd4 Ne6 34.Rc1 Rc8 35.Rxc8 Bxc8 36.Bc6 Nd6
37.Be5 Nc4 38.Bc3 Nxb6 39.Bb4+ Kd8 40.Ba5 Kc7 41.Be8 Nd8 42.Bb5 Be6 43.a3 Nc6
44.Bc3 Bc4 45.Bxc4 Nxc4 46.a4 Nxe3 47.Bd2 Nc4 48.Bxh6 Nb2 49.g4 Nxa4 50.Kg2 Nc5
51.h4 Ne6 52.Kg3 Kd6 53.h5 g5 54.Bg7 Nxg7 55.h6 Ne7  0-1

[Event "Visma GM 2013"]
[Site "Vaxjo SWE"]
[Date "2013.06.27"]
[Round "3.4"]
[White "Hector,J"]
[Black "Miezis,N"]
[Result "1-0"]
[WhiteElo "2524"]
[BlackElo "2548"]

1.e4 c5 2.Nf3 e6 3.d4 cxd4 4.Nxd4 a6 5.Bd3 Nc6 6.Nxc6 dxc6 7.Nd2 e5 8.Qf3 Be6
9.Qg3 f6 10.O-O b5 11.a4 Ne7 12.axb5 axb5 13.Rxa8 Qxa8 14.c4 b4 15.c5 Ng6
16.Bc4 Bxc4 17.Nxc4 Bxc5 18.Qb3 Ke7 19.Be3 Bxe3 20.Nxe3 Rb8 21.Nf5+ Kf8 22.g3 c5
23.Qc4 Qa7 24.Rd1 Qc7 25.Rd5 Rc8 26.Nd6 Rd8 27.Nb5 Qc8 28.Rxd8+ Qxd8 29.Qxc5+ Kg8
30.Nd6 h5 31.Qxb4 Kh7 32.h4 Qd7 33.Nf5 Qd1+ 34.Kg2 Qg4 35.Kf1 Qd1+ 36.Qe1 Qf3
37.Kg1 Qd3 38.Qe3 Qb1+ 39.Kg2 Nf8 40.Qe2 Kg6 41.Ne7+ Kf7 42.Nd5 Kg6 43.Ne7+ Kf7
44.Nf5 Kg6 45.Qc4 Ne6 46.Ne7+ Kf7 47.Nc6 Qd1 48.b4 Qd7 49.b5 Kg6 50.Qd5 Qxd5
51.exd5 Nc5 52.Kf3 Nd7 53.Ke4 f5+ 54.Kd3 Kf6 55.Na5 Nb6 56.d6 Ke6 57.Nc4 Nd7
58.Kc3 Kd5 59.Kb4 f4 60.gxf4 exf4 61.f3 g5 62.hxg5 h4 63.g6 Ke6 64.b6 h3
65.b7 h2 66.g7 Kf7 67.Ne5+ Nxe5 68.g8=Q+ Kxg8 69.b8=Q+ Kg7 70.Qa7+ Kg6 71.Qa1 Nd3+
72.Kb5  1-0

[Event "8th Vladimir Dvorkovich Cup"]
[Site "Moscow RUS"]
[Date "2013.06.28"]
[Round "4.12"]
[White "Mammadzada,G"]
[Black "Choladze,M"]
[Result "1-0"]
[WhiteElo "2029"]
[BlackElo "1932"]

1.e4 c5 2.Nf3 e6 3.d4 cxd4 4.Nxd4 a6 5.Bd3 Qc7 6.O-O Nf6 7.Qe2 d6 8.c4 g6
9.Nc3 Bg7 10.Nf3 Nc6 11.Bf4 e5 12.Be3 Bg4 13.h3 Bxf3 14.Qxf3 Nd4 15.Bxd4 exd4
16.Ne2 Nd7 17.Qg3 O-O 18.Rac1 Rfe8 19.Rfe1 Nc5 20.Qf3 Qb6 21.b3 Ne6 22.Rcd1 a5
23.Bc2 Qc6 24.Qg3 b5 25.Bd3 b4 26.Bc2 Qb6 27.Kh1 Ra7 28.f4 Rae7 29.f5 Nc5
30.Nxd4 Nxe4 31.Rxe4 Rxe4 32.Bxe4 Bxd4 33.fxg6 hxg6 34.Qg4 Bg7 35.Bd5 Qf2
36.Qxg6 Re1+ 37.Rxe1 Qxe1+ 38.Kh2 Qe5+ 39.Qg3 Qa1 40.Qf2 Qe5+ 41.g3 Qe7 42.h4 Bf6
43.Qf5 Kg7 44.Qg4+ Kf8 45.Kh3 Qe1 46.Qc8+ Kg7 47.Qg4+ Kf8 48.Qf4 Kg7 49.h5 Qe5
50.h6+ Kf8 51.Qg4 Ke7 52.Bc6 Qe6 53.Bd5 Qxg4+ 54.Kxg4 Be5 55.Kf5 Bxg3 56.c5 Kf8
57.c6 Ke7 58.Bxf7 Bf2 59.Be6 Kd8 60.Kf6 Bd4+ 61.Kf7  1-0

[Event "III Marcel Duchamp Boca Jun Op"]
[Site "Buenos Aires ARG"]
[Date "2013.06.29"]
[Round "9.7"]
[White "Leon,Ju"]
[Black "Giardelli,S"]
[Result "1/2-1/2"]
[WhiteElo "2280"]
[BlackElo "2344"]

1.e4 c5 2.Nf3 e6 3.d4 cxd4 4.Nxd4 a6 5.Bd3 Nf6 6.O-O d6 7.c4 Be7 8.Nc3 O-O
9.Be3 b6 10.f4 Bb7 11.Qe2 Nbd7 12.Rfd1 Qc7 13.f5 e5 14.Nb3 Nc5 15.Nxc5 dxc5
16.g4 h6 17.Nd5 Bxd5 18.cxd5 b5 19.b3 Rac8 20.Rac1 Qa5 21.g5 hxg5 22.Bxg5 Nxd5
23.Bxe7 Nxe7 24.f6 Ng6 25.Qf2 Qb6 26.fxg7 Rfd8 27.Kh1 Rd4 28.Qf5 Rc7 29.Be2 Kxg7
30.Rg1 Qc6 31.Rg4 Kf8 32.Rcg1 Rd6 33.h4 Rf6 34.Qg5 Rf4 35.Rxf4 exf4 36.Qd8+ Kg7
37.Bf3 Rc8 38.Qg5 Qf6 39.Qg4 Rh8 40.h5 Kf8 41.Qc8+ Kg7 42.Qg4 Kf8 43.Qc8+ Kg7  1/2-1/2

[Event "22nd Anderssen Mem Eliminacje"]
[Site "Wroclaw POL"]
[Date "2013.06.29"]
[Round "3"]
[White "Jaracz,B"]
[Black "Cyborowski,L"]
[Result "0-1"]
[WhiteElo "2270"]
[BlackElo "2548"]

1.e4 c5 2.Nf3 e6 3.d4 cxd4 4.Nxd4 a6 5.Bd3 Bc5 6.Nb3 Ba7 7.O-O Nc6 8.c4 d6
9.Nc3 Nf6 10.Qe2 O-O 11.Be3 Bxe3 12.Qxe3 b6 13.Rad1 Qc7 14.Be2 Rd8 15.Rd2 Bb7
16.Rfd1 Ne5 17.Rd4 Rac8 18.Qd2 Ne8 19.f4 Nc6 20.Rd3 Nb4 21.Rd4 Nc6 22.Rd3 Nb4
23.Rd4 Qb8 24.a3 e5 25.fxe5 Nc6 26.Rd3 Nxe5 27.Rd4 Qc7 28.Qf4 Nf6 29.Nd5 Bxd5
30.exd5 Re8 31.Bf1 Re7 32.Nd2 a5 33.b4 axb4 34.axb4 Qa7 35.Kh1 Rce8 36.h3 Qa3
37.Rb1 h6 38.Kh2 Qc3 39.Rb3 Qc2 40.Rg3 Nh5  0-1

[Event "22nd Anderssen Mem Eliminacje"]
[Site "Wroclaw POL"]
[Date "2013.06.29"]
[Round "4"]
[White "Zapolski,K"]
[Black "Poznanska,K"]
[Result "0-1"]
[WhiteElo "2232"]
[BlackElo "2114"]

1.e4 c5 2.Nf3 e6 3.d4 cxd4 4.Nxd4 a6 5.Bd3 Qc7 6.O-O Nf6 7.Nc3 Nc6 8.Nxc6 bxc6
9.Be3 Be7 10.Qe2 O-O 11.Na4 c5 12.c4 Bb7 13.Bg5 d6 14.f4 h6 15.Bh4 Bc6 16.Nc3 Nxe4
17.Nxe4 Bxh4 18.g3 Be7 19.f5 d5 20.f6 dxe4 21.fxe7 Qxe7 22.Bxe4 Bxe4 23.Qxe4 Rab8
24.b3 Rfd8 25.Rf2 Rd4 26.Qe3 Rbd8 27.Raf1 Rd1 28.Qf3 Rxf1+ 29.Rxf1 Qd7 30.Rf2 e5
31.Qe4 f6 32.Kg2 a5 33.h3 Kh8 34.g4 Qd3 35.Qb7 e4 36.Qe7 e3 37.Rf3 Qd2+  0-1

[Event "22nd Anderssen Mem Eliminacje"]
[Site "Wroclaw POL"]
[Date "2013.06.29"]
[Round "7"]
[White "Jaracz,B"]
[Black "Iwanow,A"]
[Result "0-1"]
[WhiteElo "2270"]
[BlackElo "2227"]

1.e4 c5 2.Nf3 e6 3.d4 cxd4 4.Nxd4 a6 5.Bd3 Bc5 6.Nb3 Be7 7.Qg4 g6 8.O-O d6
9.Qe2 Nd7 10.c4 h5 11.Nc3 Ngf6 12.Bd2 Qc7 13.Rae1 Ne5 14.f4 Nxd3 15.Qxd3 Bd7
16.Kh1 Rc8 17.e5 dxe5 18.fxe5 Ng4 19.Qf3 f5 20.Nd5 exd5 21.cxd5 Nxe5 22.Qg3 Kf7
23.Rxe5 Bd6 24.Bf4 Bxe5 25.Bxe5 Qc4 26.Rd1 Rhe8 27.Bc3 Qg4 28.Qd3 Re3 29.Qf1 Rce8
30.Nd4 h4 31.Ne6 h3 32.Nf4 R8e4 33.g3 Rf3 34.Qg1 Rfxf4  0-1

[Event "22nd Anderssen Mem Eliminacje"]
[Site "Wroclaw POL"]
[Date "2013.06.29"]
[Round "7"]
[White "Poznanska,K"]
[Black "Cyborowski,L"]
[Result "1-0"]
[WhiteElo "2114"]
[BlackElo "2548"]

1.e4 c5 2.Nf3 e6 3.d4 cxd4 4.Nxd4 a6 5.Bd3 Qc7 6.O-O Nf6 7.Qe2 d6 8.Kh1 Be7
9.f4 Nbd7 10.c4 O-O 11.Nc3 b6 12.Bd2 Bb7 13.Rae1 Rac8 14.b3 Rfe8 15.e5 dxe5
16.fxe5 Qxe5 17.Qxe5 Nxe5 18.Rxe5 Red8 19.Nce2 Ng4 20.Rh5 h6 21.Bc1 Bc5 22.Rh4 f5
23.h3 Be7 24.hxg4 Bxh4 25.Bc2 fxg4 26.Nxe6 Re8 27.N6d4 Bf6 28.Bf5 Rcd8 29.Ne6 Rd6
30.N6f4 Red8 31.Be6+ Kh8 32.Bd5 Bc8 33.Ba3 R6d7 34.Ng3 Ra7 35.Ne4 Be5 36.Ng6+ Kh7
37.Nxe5 Bb7 38.Nxg4 Bxd5 39.cxd5 h5 40.Ne3 Re8 41.Ng5+ Kg6 42.Ne6 Rd7 43.Rf3 Kh7
44.Nf8+  1-0

[Event "20th Abu Dhabi Masters 2013"]
[Site "Abu Dhabi UAE"]
[Date "2013.06.30"]
[Round "1.8"]
[White "Ali,Ak"]
[Black "Oleksienko,M"]
[Result "0-1"]
[WhiteElo "2318"]
[BlackElo "2568"]

1.e4 c5 2.Nf3 e6 3.d4 cxd4 4.Nxd4 a6 5.Bd3 Bc5 6.Nb3 Ba7 7.Nc3 Nc6 8.Qe2 d6
9.Be3 b5 10.O-O Nf6 11.h3 O-O 12.a3 Qc7 13.Bxa7 Qxa7 14.Kh1 e5 15.f4 Re8
16.Rad1 Be6 17.fxe5 Nxe5 18.Nd5 Bxd5 19.exd5 Nc4 20.Qf2 Ne3 21.Qh4 Nxd1 22.Rxf6 g6
23.Nd4 Qe7 24.Ne6 Ra7 25.Qg5 Nf2+ 26.Rxf2 fxe6 27.Qg4 exd5 28.Rf1 Qe5 29.b3 Rf7
30.Rd1 Qf4 31.Be2 Qxg4 32.Bxg4 Rf2 33.Rxd5 h5 34.Bd1 Re1+ 35.Kh2 h4  0-1

[Event "9th Prague Festival IM"]
[Site "Prague CZE"]
[Date "2013.06.30"]
[Round "9.5"]
[White "Lamorelle,J"]
[Black "Rous,D"]
[Result "1-0"]
[WhiteElo "2274"]
[BlackElo "2034"]

1.e4 c5 2.Nf3 e6 3.d4 cxd4 4.Nxd4 a6 5.Bd3 Qc7 6.O-O Nf6 7.Qe2 d6 8.c4 Nbd7
9.Nc3 Be7 10.f4 O-O 11.Bd2 b6 12.Rae1 Nc5 13.e5 Nxd3 14.exf6 Nxe1 15.fxe7 Qxe7
16.Bxe1 Qf6 17.Nf3 Bb7 18.Ng5 Rac8 19.Qd3 Qg6 20.Qxd6 h6 21.Nf3 Rxc4 22.Qxb6 Ba8
23.Qxa6 Rxf4 24.Qe2 Qf6 25.Bg3 Bxf3 26.Rxf3 Rxf3 27.Qxf3 Qd4+ 28.Qf2 Qb4
29.h3 Rd8 30.a4 f6 31.Bc7 Rd4 32.a5 e5 33.a6 h5 34.a7 Qb7 35.Nb5 Rf4 36.Qb6 Qe4
37.Qb8+ Kh7 38.a8=Q Qe1+ 39.Kh2 Rf1 40.Qh8+ Kg6 41.Qae8+ Kf5 42.Qhxh5+ Kf4
43.Qg4+ Ke3 44.Bb6+  1-0

[Event "XXII Anderssen Mem Final B"]
[Site "Wroclaw POL"]
[Date "2013.06.30"]
[Round "1.2"]
[White "Iwanow,A"]
[Black "Poznanska,K"]
[Result "1-0"]
[WhiteElo "2227"]
[BlackElo "2114"]

1.e4 c5 2.Nf3 e6 3.d4 cxd4 4.Nxd4 a6 5.Bd3 Qc7 6.Qe2 d6 7.c4 Nf6 8.O-O Nbd7
9.Nc3 b6 10.Bd2 Bb7 11.b3 Be7 12.Kh1 O-O 13.f4 Rac8 14.Rae1 Rfd8 15.f5 e5
16.Nc2 Nc5 17.Rf3 Nxd3 18.Qxd3 b5 19.Ne3 bxc4 20.bxc4 Qc5 21.Ned5 Bxd5 22.cxd5 Ng4
23.Ref1 Qd4 24.Qe2 Qc4 25.Qd1 Nf6 26.Rg3 Kh8 27.Qf3 Rd7 28.Rh3 Rdc7 29.Be1 a5
30.Rg1 Rb7 31.g4 Rb4 32.g5 Nxe4 33.Qh5 Nxg5 34.Rxg5  1-0

[Event "XXII Anderssen Mem Final B"]
[Site "Wroclaw POL"]
[Date "2013.06.30"]
[Round "3.1"]
[White "Zawadzka,J"]
[Black "Iwanow,A"]
[Result "1-0"]
[WhiteElo "2391"]
[BlackElo "2227"]

1.e4 c5 2.Nf3 e6 3.d4 cxd4 4.Nxd4 a6 5.Bd3 Bc5 6.Nb3 Be7 7.Qg4 g6 8.Qe2 d6
9.O-O Nd7 10.Na3 h5 11.Be3 Ngf6 12.f3 b5 13.c4 b4 14.Nc2 Rb8 15.Rac1 O-O
16.Qd2 Ne5 17.Be2 Nc6 18.Rfd1 Qc7 19.Nbd4 Nxd4 20.Bxd4 b3 21.axb3 Rxb3 22.Bc3 Rb8
23.b4 Bd7 24.Ra1 Qb7 25.Kh1 h4 26.Qh6 e5 27.Qd2 h3 28.g3 Kg7 29.Bd3 Nh7 30.Ne3 f5
31.Nd5 Bg5 32.Qe2 Nf6 33.c5 Nxd5 34.exd5 Qxd5 35.Bc4 Qb7 36.Bxa6 Bb5 37.Bxb5 Qxb5
38.Qxb5 Rxb5 39.Rxd6 Kg8 40.Rxg6+  1-0

[Event "20th Abu Dhabi Masters 2013"]
[Site "Abu Dhabi UAE"]
[Date "2013.07.02"]
[Round "3.6"]
[White "Gopal,G"]
[Black "Oleksienko,M"]
[Result "1/2-1/2"]
[WhiteElo "2522"]
[BlackElo "2568"]

1.e4 c5 2.Nf3 e6 3.d4 cxd4 4.Nxd4 a6 5.Bd3 Bc5 6.Nb3 Ba7 7.Qe2 Nc6 8.Be3 d6
9.O-O Nf6 10.Bxa7 Rxa7 11.c4 O-O 12.Nc3 b6 13.f4 Rd7 14.Rad1 Bb7 15.Kh1 Qc7
16.Bb1 Rfd8 17.Rd2 Na5 18.Nxa5 bxa5 19.Rfd1 g6 20.Bd3 d5 21.e5 dxc4 22.Bxg6 hxg6
23.exf6 Rxd2 24.Rxd2 Rd3 25.Qf2 Qd8 26.Re2 Qxf6 27.Kg1 Rd4 28.g3 Qd8 29.Kf1 Rd3
30.Ke1 g5 31.f5 Bf3 32.fxe6 fxe6 33.Rd2 g4 34.Rxd3 Qxd3 35.Qb6 Kf7 36.Qc7+ Kg6
37.Qe5 Kf7 38.Qc7+ Kf6 39.Qf4+ Kg6 40.Qe5 Kf7  1/2-1/2

[Event "41st TCh-GRE"]
[Site "Rio (Achaia) GRE"]
[Date "2013.07.02"]
[Round "1.8"]
[White "Konstantinidis,K"]
[Black "Kosmidis,Ioannis"]
[Result "0-1"]
[WhiteElo "1927"]
[BlackElo "1777"]

1.e4 c5 2.Nf3 e6 3.d4 cxd4 4.Nxd4 a6 5.Bd3 Qc7 6.Qe2 b5 7.O-O Bb7 8.Nb3 d6
9.a3 Nf6 10.Nc3 Be7 11.Bd2 Nbd7 12.f4 O-O 13.Rae1 Nc5 14.Rf3 e5 15.Rh3 Rfe8
16.f5 d5 17.exd5 e4 18.Bxb5 axb5 19.Nxb5 Qd7 20.d6 Nxb3 21.Rxb3 Bd8 22.Be3 Ba6
23.Rd1 Qxf5 24.c4 Rb8 25.a4 Bb6 26.Bxb6 Rxb6 27.Qe3 Rbb8 28.h3 Nd7 29.Rd5 Re5
30.Nd4 Rxb3 31.Qxb3 Qf4 32.Ne2 Qg5 33.Rd1 Rc5 34.Rd4 f5 35.Qc3 Ne5 36.b4 Rxc4
37.Rxc4 Nxc4 38.b5 Ne3 39.g3 Nd5 40.Qb3 Bb7 41.Nf4 Kh8 42.Nxd5 Qc1+ 43.Kg2 Qd2+
44.Kg1 Bxd5 45.Qb1 e3 46.Qf1 e2  0-1